<?xml version="1.0" encoding="UTF-8"?>
<record
    xmlns:xsi="http://www.w3.org/2001/XMLSchema-instance"
    xsi:schemaLocation="http://www.loc.gov/MARC21/slim http://www.loc.gov/standards/marcxml/schema/MARC21slim.xsd"
    xmlns="http://www.loc.gov/MARC21/slim">

  <leader>01136na  a2200289   4500</leader>
  <controlfield tag="001">22733</controlfield>
  <controlfield tag="003">MIRAKIL</controlfield>
  <controlfield tag="005">20181213155235.0</controlfield>
  <controlfield tag="008">170223b        tu            000 0      </controlfield>
  <datafield tag="035" ind1=" " ind2=" ">
    <subfield code="a">14737</subfield>
  </datafield>
  <datafield tag="040" ind1=" " ind2=" ">
    <subfield code="a">Milas</subfield>
    <subfield code="b">tur</subfield>
    <subfield code="c">TR-AnCHP</subfield>
  </datafield>
  <datafield tag="041" ind1=" " ind2=" ">
    <subfield code="a">tur</subfield>
  </datafield>
  <datafield tag="082" ind1=" " ind2=" ">
    <subfield code="a">CHP 324.56</subfield>
    <subfield code="b">P34b 1989</subfield>
  </datafield>
  <datafield tag="090" ind1=" " ind2=" ">
    <subfield code="a">CHP 324.56 P34b 1989</subfield>
  </datafield>
  <datafield tag="245" ind1=" " ind2=" ">
    <subfield code="a">Bat&#x131; demokrasilerde se&#xE7;im m&#xFC;cadelesi</subfield>
    <subfield code="b">(politik ileti&#x15F;im arac&#x131; olarak modern se&#xE7;im kampanyas&#x131; y&#xFC;r&#xFC;t&#xFC;lmesi)</subfield>
    <subfield code="c">H&#xFC;seyin Pekin</subfield>
  </datafield>
  <datafield tag="246" ind1=" " ind2=" ">
    <subfield code="a">Politik ileti&#x15F;im arac&#x131; olarak modern se&#xE7;im kampanyas&#x131; y&#xFC;r&#xFC;t&#xFC;lmesi</subfield>
  </datafield>
  <datafield tag="260" ind1=" " ind2=" ">
    <subfield code="a">Z&#xFC;rih</subfield>
    <subfield code="b">T&#xDC;SES Yay&#x131;nlar&#x131;</subfield>
    <subfield code="c">1989</subfield>
  </datafield>
  <datafield tag="300" ind1=" " ind2=" ">
    <subfield code="a">38 s.</subfield>
    <subfield code="c">30 sm.</subfield>
  </datafield>
  <datafield tag="505" ind1=" " ind2=" ">
    <subfield code="a">&#x130;ngiltere'de se&#xE7;im m&#xFC;cadelesi -- Fransa'da se&#xE7;im m&#xFC;cadelesi -- ABD'de se&#xE7;im m&#xFC;cadelesi </subfield>
  </datafield>
  <datafield tag="650" ind1=" " ind2=" ">
    <subfield code="a">Siyasal m&#xFC;cadeleler</subfield>
  </datafield>
  <datafield tag="650" ind1=" " ind2=" ">
    <subfield code="a">Milletvekili adaylar&#x131;</subfield>
    <subfield code="x">Siyasal m&#xFC;cadeleler</subfield>
  </datafield>
  <datafield tag="650" ind1=" " ind2=" ">
    <subfield code="a">Siyasal partiler</subfield>
    <subfield code="x">Se&#xE7;im kampanyalar&#x131;</subfield>
    <subfield code="z">Avrupa</subfield>
  </datafield>
  <datafield tag="650" ind1=" " ind2=" ">
    <subfield code="a">Siyasal partiler</subfield>
    <subfield code="x">Se&#xE7;im kampanyalar&#x131;</subfield>
    <subfield code="z">ABD</subfield>
  </datafield>
  <datafield tag="740" ind1=" " ind2=" ">
    <subfield code="a">Politik ileti&#x15F;im arac&#x131; olarak modern se&#xE7;im kampanyas&#x131; y&#xFC;r&#xFC;t&#xFC;lmesi</subfield>
  </datafield>
  <datafield tag="942" ind1=" " ind2=" ">
    <subfield code="2">dcc</subfield>
    <subfield code="c">BKS</subfield>
  </datafield>
  <datafield tag="952" ind1=" " ind2=" ">
    <subfield code="a">0001</subfield>
    <subfield code="b">0001</subfield>
    <subfield code="d">2017-02-23</subfield>
    <subfield code="e">2</subfield>
    <subfield code="l">0</subfield>
    <subfield code="o">CHP 324.56 P34b 1989</subfield>
    <subfield code="p">016373</subfield>
    <subfield code="r">2017-02-23 00:00:00</subfield>
    <subfield code="v">0.00</subfield>
    <subfield code="w">2017-02-23</subfield>
    <subfield code="x"> Ciltli</subfield>
    <subfield code="y">BKS</subfield>
  </datafield>
  <datafield tag="999" ind1=" " ind2=" ">
    <subfield code="c">9122</subfield>
    <subfield code="d">9122</subfield>
  </datafield>
</record>
